Informe de desarrollo humano 2005 : Las Regiones Autónomas de la costa Caribe, Nicaragua asume su diversidad.
| Main Author: | |
|---|---|
| Format: | Section = Libro |
| Language: | Undetermined Spanish |
| Published: |
Managua, Nicaragua
PNUD
2005
|
| Subjects: |
| LEADER | 00727nam a2200217Ia 4500 | ||
|---|---|---|---|
| 008 | 240830s9999 xx 000 0 und d | ||
| 020 | |a 99924-0-392-6 | ||
| 040 | |a B-ESTELÍ- RUACS / 303.44 P964 | ||
| 041 | |a spa | ||
| 082 | |a 303.44 P964 | ||
| 100 | 1 | |a Programa de la Naciones Unidas para el Desarrollo. | |
| 245 | 1 | 0 | |a Informe de desarrollo humano 2005 : Las Regiones Autónomas de la costa Caribe, Nicaragua asume su diversidad. |
| 260 | |a Managua, Nicaragua |b PNUD |c 2005 | ||
| 300 | |a 404 p:il | ||
| 650 | 7 | |a DESARROLLO SOCIAL - COSTA ATLANTICA (NICARAGUA) | |
| 650 | 7 | |b COSTA ATLANTICA (NICARAGUA) - CONDICIONES ECONOMICAS | |
| 650 | 7 | |c AUTONOMIA | |
| 650 | 7 | |d INFORME. | |
| 942 | |c BK |2 ddc | ||
| 991 | |a TEXTO | ||
| 999 | |c 10663 | ||